| 000 | 01067 a2200241 4500 | ||
|---|---|---|---|
| 005 | 20260102120716.0 | ||
| 008 | 260102b |||||||| |||| 00| 0 eng d | ||
| 020 | _a9789389386394 (hbk) | ||
| 037 | _cTB | ||
| 040 |
_aAL _cAL |
||
| 041 |
_2hin _ahin |
||
| 084 |
_aV247wD 152R5 _qAL |
||
| 100 |
_aशर्मा, केदारनाथ _9846829 |
||
| 245 | _aकश्मीर के आचार्य एवं उनके ग्रन्थ | ||
| 260 |
_aनई दिल्ली, भारत: _bईस्टर्न बुक लिंकर्स, _c2025. |
||
| 300 | _a112पृ. | ||
| 365 |
_b300.00 _cINR |
||
| 650 |
_aकश्मीर इतिहास _9861272 |
||
| 650 |
_aइतिहास _9861273 |
||
| 650 |
_aसंस्कृत साहित्य _9861274 |
||
| 942 |
_cTB _2CC _n0 _hV247wD 152R5 |
||
| 999 |
_c1464188 _d1464188 |
||